<?xml version="1.0" encoding="UTF-8"?>
<record
    xmlns:xsi="http://www.w3.org/2001/XMLSchema-instance"
    xsi:schemaLocation="http://www.loc.gov/MARC21/slim http://www.loc.gov/standards/marcxml/schema/MARC21slim.xsd"
    xmlns="http://www.loc.gov/MARC21/slim">

  <leader>01886nam a22002537a 4500</leader>
  <controlfield tag="003">OSt</controlfield>
  <controlfield tag="005">20191029062703.0</controlfield>
  <controlfield tag="008">180220b        xxu||||| |||| 00| 0 spa d</controlfield>
  <datafield tag="020" ind1=" " ind2=" ">
    <subfield code="a">9789870317449</subfield>
  </datafield>
  <datafield tag="040" ind1=" " ind2=" ">
    <subfield code="c">PJ</subfield>
  </datafield>
  <datafield tag="245" ind1="1" ind2="0">
    <subfield code="a">Derecho procesal civil y comercial :</subfield>
    <subfield code="b">doctrinas esenciales 1936-2010 /</subfield>
    <subfield code="c">director Adolfo Alvarado Velloso; investigador acad&#xE9;mico Gustavo A. Calvinho.</subfield>
  </datafield>
  <datafield tag="260" ind1=" " ind2=" ">
    <subfield code="a">Buenos Aires :</subfield>
    <subfield code="c">La Ley,</subfield>
    <subfield code="b">2010.</subfield>
  </datafield>
  <datafield tag="300" ind1=" " ind2=" ">
    <subfield code="a">4 v.</subfield>
    <subfield code="c">24 cm.</subfield>
    <subfield code="b">r&#xFA;stica</subfield>
  </datafield>
  <datafield tag="490" ind1=" " ind2=" ">
    <subfield code="a">Revista jur&#xED;dica argentina: La ley</subfield>
  </datafield>
  <datafield tag="500" ind1=" " ind2=" ">
    <subfield code="a">Notas y citas a pie de p&#xE1;gina.</subfield>
  </datafield>
  <datafield tag="505" ind1=" " ind2=" ">
    <subfield code="a">Contenido:
v. 1: El proceso -- Los conceptos procesales -- Los principios y las reglas -- El derecho procesal -- Los sujetos procesales y los auxiliares.
v. 2:: Las fases procesales -- Afirmaci&#xF3;n y negaci&#xF3;n -- Confirmaci&#xF3;n (prueba) y evaluaci&#xF3;n -- La resoluci&#xF3;n jurisdiccional -- La sentencia -- El caso juzgado.
v. 3: La interpretaci&#xF3;n judicial -- La jurisprudencia -- La impugnaci&#xF3;n: los recursos -- Las diversas cuestiones procedimentales: el tr&#xE1;mite, las irregularidades, las costas y el benefi cio de litigar sin gastos -- La cautela procesal, el anticipo de sentencia, la medida innovativa y la sentencia autosatisfactiva -- El juicio ejecutivo y la ejecuci&#xF3;n.
v. 4: El proceso arbitral -- La acci&#xF3;n colectiva y el inter&#xE9;s difuso -- Los procedimientos especiales : alimentos, litisexpenas, amparo, desalojo, pretensi&#xF3;n meramente declarativa -- Los m&#xE9;todos alternativos de soluci&#xF3;n de conflictos -- El sistema de justicia y el control de constitucionalidad -- Semblanzas.</subfield>
  </datafield>
  <datafield tag="650" ind1=" " ind2="0">
    <subfield code="9">1148</subfield>
    <subfield code="a">DERECHO PROCESAL CIVIL</subfield>
  </datafield>
  <datafield tag="650" ind1=" " ind2="0">
    <subfield code="9">1602</subfield>
    <subfield code="a">DERECHO COMERCIAL</subfield>
  </datafield>
  <datafield tag="650" ind1=" " ind2="0">
    <subfield code="9">1953</subfield>
    <subfield code="a">PROCEDIMIENTO CIVIL</subfield>
  </datafield>
  <datafield tag="650" ind1=" " ind2="0">
    <subfield code="9">2024</subfield>
    <subfield code="a">PROCESOS ESPECIALES</subfield>
  </datafield>
  <datafield tag="700" ind1=" " ind2=" ">
    <subfield code="9">1945</subfield>
    <subfield code="a">Alvarado Velloso, Adolfo </subfield>
    <subfield code="e">director</subfield>
  </datafield>
  <datafield tag="700" ind1=" " ind2=" ">
    <subfield code="a">Calvinho, Gustavo A. </subfield>
    <subfield code="9">2420</subfield>
  </datafield>
  <datafield tag="942" ind1=" " ind2=" ">
    <subfield code="2">udc</subfield>
    <subfield code="c">LIB</subfield>
    <subfield code="h">347.91/.95</subfield>
    <subfield code="i">DER</subfield>
  </datafield>
  <datafield tag="999" ind1=" " ind2=" ">
    <subfield code="c">1590</subfield>
    <subfield code="d">1590</subfield>
  </datafield>
  <datafield tag="952" ind1=" " ind2=" ">
    <subfield code="0">0</subfield>
    <subfield code="1">0</subfield>
    <subfield code="2">udc</subfield>
    <subfield code="4">0</subfield>
    <subfield code="7">0</subfield>
    <subfield code="a">DJS</subfield>
    <subfield code="b">DJS</subfield>
    <subfield code="d">2018-09-28</subfield>
    <subfield code="h">V. 1</subfield>
    <subfield code="o">347.91/.95 DER</subfield>
    <subfield code="p">6266</subfield>
    <subfield code="r">2018-09-28</subfield>
    <subfield code="w">2018-09-28</subfield>
    <subfield code="y">LIB</subfield>
  </datafield>
  <datafield tag="952" ind1=" " ind2=" ">
    <subfield code="0">0</subfield>
    <subfield code="1">0</subfield>
    <subfield code="2">udc</subfield>
    <subfield code="4">0</subfield>
    <subfield code="7">0</subfield>
    <subfield code="a">DJS</subfield>
    <subfield code="b">DJS</subfield>
    <subfield code="d">2018-09-28</subfield>
    <subfield code="h">V. 3</subfield>
    <subfield code="o">347.91/.95 DER</subfield>
    <subfield code="p">6268</subfield>
    <subfield code="r">2018-09-28</subfield>
    <subfield code="w">2018-09-28</subfield>
    <subfield code="y">LIB</subfield>
  </datafield>
  <datafield tag="952" ind1=" " ind2=" ">
    <subfield code="0">0</subfield>
    <subfield code="1">0</subfield>
    <subfield code="2">udc</subfield>
    <subfield code="4">0</subfield>
    <subfield code="7">0</subfield>
    <subfield code="a">DJS</subfield>
    <subfield code="b">DJS</subfield>
    <subfield code="d">2018-09-28</subfield>
    <subfield code="h">V. 2</subfield>
    <subfield code="o">347.91/.95 DER</subfield>
    <subfield code="p">6267</subfield>
    <subfield code="r">2018-09-28</subfield>
    <subfield code="w">2018-09-28</subfield>
    <subfield code="y">LIB</subfield>
  </datafield>
  <datafield tag="952" ind1=" " ind2=" ">
    <subfield code="0">0</subfield>
    <subfield code="1">0</subfield>
    <subfield code="2">udc</subfield>
    <subfield code="4">0</subfield>
    <subfield code="7">0</subfield>
    <subfield code="a">DJS</subfield>
    <subfield code="b">DJS</subfield>
    <subfield code="d">2018-09-28</subfield>
    <subfield code="h">V. 4</subfield>
    <subfield code="o">347.91/.95 DER</subfield>
    <subfield code="p">6269</subfield>
    <subfield code="r">2018-09-28</subfield>
    <subfield code="w">2018-09-28</subfield>
    <subfield code="y">LIB</subfield>
  </datafield>
</record>
